All-NBA First Team Players - Statistics

General Stats
  • This quiz has been taken 18 times
  • The average score is 66 of 116
Answer Stats
Answer % Correct
Anthony Davis
100%
James Harden
100%
Julius Erving
100%
Kareem Abdul-Jabbar
100%
Kevin Durant
100%
Kobe Bryant
100%
Larry Bird
100%
Lebron James
100%
Magic Johnson
100%
Michael Jordan
100%
Nikola Jokic
100%
Scottie Pippen
100%
Shai Gilgeous-Alexander
100%
Tim Duncan
100%
Bill Russell
93%
Charles Barkley
93%
Chris Paul
93%
David Robinson
93%
DeAndre Jordan
93%
Donovan Mitchell
93%
Hakeem Olajuwon
93%
Jerry West
93%
Karl Malone
93%
Kawhi Leonard
93%
Kevin Garnett
93%
Luka Doncic
93%
Moses Malone
93%
Russell Westbrook
93%
Shaquille O'Neal
93%
Stephen Curry
93%
Dennis Johnson
86%
Devin Booker
86%
Dirk Nowitzki
86%
Dwight Howard
86%
Giannis Antetokounmpo
86%
Jason Kidd
86%
Joel Embiid
86%
John Stockton
86%
Marques Johnson
86%
Paul George
86%
Steve Nash
86%
Wilt Chamberlain
86%
Bill Walton
79%
Bob Cousy
79%
Dominique Wilkins
79%
Gary Payton
79%
Isiah Thomas
79%
Jayson Tatum
79%
Oscar Robertson
79%
Patrick Ewing
79%
Penny Hardaway
79%
Tim Hardaway
79%
Clyde Drexler
71%
Damian Lillard
71%
Elgin Baylor
71%
George Gervin
71%
Kevin McHale
71%
Tracy McGrady
71%
Derrick Rose
64%
John Havlicek
64%
Allen Iverson
57%
Alonzo Mourning
57%
Bob McAdoo
57%
Bob Pettit
57%
Chris Mullin
57%
George Mikan
57%
Gus Williams
57%
Pete Maravich
57%
Wes Unseld
57%
Amar'e Stoudemire
50%
Chris Webber
50%
Elvin Hayes
50%
Marc Gasol
50%
Walt Frazier
50%
Willis Reed
50%
David Thompson
43%
Grant Hill
43%
Joakim Noah
43%
Rick Barry
43%
Dolph Schayes
36%
Bernard King
29%
Earl Monroe
29%
Latrell Sprewell
29%
Mark Price
29%
Bill Sharman
21%
Gail Goodrich
21%
Jerry Lucas
21%
Nate Archibald
21%
Sidney Moncrief
21%
Dave Bing
14%
Dwayne Wade
14%
George Yardley
14%
George McGinnis
7%
Joe Fulks
7%
Larry Foust
7%
Max Zaslofsky
7%
Spencer Haywood
7%
Alex Groza
0%
Anfernee Hardaway
0%
Bob Davies
0%
Charles Macauley
0%
Cornelius Hawkins
0%
Edward Sadowski
0%
Harry Gallatin
0%
Howard Dallmar
0%
James Pollard
0%
John McMahon
0%
Nate Johnston
0%
Paul Arzin
0%
Paul Westphal
0%
Ralph Beard
0%
Rick Robey
0%
Robert Feerick
0%
Stanley Miasek
0%
Steve Sheppard
0%
William Cunningham
0%
No matching quizzes found
Score Distribution
Percent of People with Each Score
Percentile by Number Answered
Your Score History
You have not taken this quiz